000 00266nam a2200109Ia 4500
008 190907s9999||||xx |||||||||||||| ||und||
100 _aAzam Maraj
245 0 _aMain To State Agent Ho Gaya
260 _aLahore
_bRoyal Book Company
_c2005
300 _a112
942 _cBK
999 _c6253
_d6253